| 000 | 00840cam a2200289 a 4500 | ||
|---|---|---|---|
| 001 | 3839316 | ||
| 003 | NUST | ||
| 005 | 20220509163720.0 | ||
| 008 | 870113s1987 nyu 000 1 eng | ||
| 010 | _a 87004320 | ||
| 020 | _a0671633384 | ||
| 038 | _awaseem | ||
| 040 |
_aDLC _cDLC _dDLC |
||
| 050 | 0 | 0 |
_aPS3564.A8495 _bW4 1987 |
| 082 | 0 | 0 |
_a813.54 _bNAT |
| 100 | 1 |
_aNathan, Robert Stuart. _991424 |
|
| 245 | 1 | 4 |
_aThe white tiger : _ba novel / _cby Robert Stuart Nathan. |
| 260 |
_aNew York : _bSimon and Schuster, _cc1987. |
||
| 300 |
_a431 p. ; _c25 cm. |
||
| 563 | _aHBK. | ||
| 650 | 0 |
_aPolitical corruption _xFiction. _991425 |
|
| 650 | 0 |
_aPolice _zChina _xFiction. _991426 |
|
| 651 | 0 |
_aChina _xFiction. _991427 |
|
| 655 | 7 |
_aPolitical fiction. _2lcsh |
|
| 906 |
_a7 _bcbc _corignew _d1 _eocip _f19 _gy-gencatlg |
||
| 942 |
_2ddc _cBK |
||
| 999 |
_c589550 _d589550 |
||